Ridiculously Obvious Signs III Quiz Stats

 Plays Quiz Updated Nov 9, 2017

Challenge
Share
Tweet
Score 0/24 Timer 05:00
7 Plays Today
% Correct
Ticket
97.3%
Mountain
96.5%
Path
94.9%
Child
94.4%
Eating
93.7%
Egg
93.6%
Winter
93.2%
Locked
93.1%
Money
91.3%
Opening
90.6%
Hit
90.5%
Stepping
90.4%
% Correct
Water
90.4%
Exiting
88.9%
Falling
88.5%
Door
88.5%
Other
88.3%
Not
87.6%
Eyes
86.7%
Throat
86.4%
Run
86.2%
Size
81.3%
Sign
80%
End
76.6%

You're not logged in!

Compare scores with friends on all Sporcle quizzes.
Join for Free
OR
Log In

You Might Also Like...

Show Comments

Extras

Top Quizzes Today


Score Distribution

Your Account Isn't Verified!

In order to create a playlist on Sporcle, you need to verify the email address you used during registration. Go to your Sporcle Settings to finish the process.

Report this User

Report this user for behavior that violates our Community Guidelines.

Details: